A Magyar Nemzeti Múzeum Könyvtárának címereslevelei 5. kötet 1717-1770

Bibliographic Details
Main Author: Áldásy, Antal, 1869-1932 (Author)
Other Authors: Czobor, Alfréd, 1883-1959 (Author of introduction, etc.)
Format: Book
Language:Hungarian
Latin
German
PhysicalDescription:X, [1], 503 strán erby, fotografie, ilustrácie 24 cm
Published: Budapest Áldásy József 1939
Series:Magyar Nemzeti Múzeum Könyvtárának címjegyzéke
Címereslevelek
Subjects:

MARC

LEADER 00000cam a2200000 a 4500
001 vtls001148014
003 SK-MaSNL
005 20260301194327.0
008 250313s1939 hu ioa f cnf 001 0dhun
015 |a SNBA1956 
020 |q (viazané) 
035 |a SNK000090873 (viaz.) 
035 |a urn:nbn:sk:snk-am3i7df 
035 |a 5DFADEDB-5314-4194-A7EB-9428E06B9242 
035 |a urn:nbn:sk:snk-am00drx3 
040 |a SNK  |b slo  |c SNK  |e AACR2 
041 0 |a hun  |a lat  |a ger 
043 |a e-hu--- 
044 |a hu  |c HU 
080 |a 929.6  |2 2001 
080 |a (439)  |2 2011 
080 |a (083.82)  |2 2011 
080 |a (035)  |2 2011 
100 1 |a Áldásy, Antal,  |d 1869-1932  |4 aut  |9 208964 
245 1 2 |a A Magyar Nemzeti Múzeum Könyvtárának címereslevelei  |n 5. kötet  |p 1717-1770  |c leírta Antal Áldásy ; sajtó alá rendezte Czobor Alfréd 
246 3 0 |a 1717-1770 
260 |a Budapest  |b Áldásy József  |c 1939 
300 |a X, [1], 503 strán  |b erby, fotografie, ilustrácie  |c 24 cm 
490 1 |a Magyar Nemzeti Múzeum Könyvtárának címjegyzéke  |v 2  |a Címereslevelek  |v 5. kötet, 1717-1770 
500 |a Publikácia bez obalu 
500 |a Obsahuje biografické údaje o A. Áldasym ; zoznam erbov a tlačových chýb 
504 |a Obsahuje bibliografické odkazy ; menný register na strane [467]-503 
546 |a Súbežný text v latinčine a nemčine 
648 7 |a 1717-1770  |2 SNKPH  |9 574741 
650 0 7 |a erby  |2 SNKPH  |9 18910 
651 7 |a Maďarsko  |2 SNKPHgeo  |9 16754 
655 7 |a katalógy  |2 SNKPH  |9 60821 
655 7 |a príručky  |2 SNKPH  |9 74364 
700 1 |a Czobor, Alfréd,  |d 1883-1959  |4 aui  |9 178845 
830 0 |a Magyar Nemzeti Múzeum Könyvtárának címjegyzéke  |9 281490 
830 0 |a Címereslevelek  |9 281491 
852 |a Slovenská národná knižnica 
958 |a RK 
958 |a TL 
958 |a HU 
958 |a NB 
958 |a OND 
999 |c 881422  |d 883352 
952 |t P60, <03>, [BOOK], {603}  |a SNK  |b SNK  |y PREZ  |7 0  |p 17A0056371  |o snkSC 8308/5  |i snkKSV 40/56  |8 2  |0 0  |1 0  |4 0  |d 1997-03-18  |f 1  |l 0  |r 2025-07-09 00:00:00  |w 2026-02-24 
952 |t P60, <04>, [BOOK], {604}  |a SNK  |b SNK  |y VYP  |7 0  |p 17A0360206  |o snkSC 8308/5 D1  |0 0  |1 0  |4 0  |d 2002-10-14  |l 0  |r 2005-01-01 00:00:00  |w 2026-02-24